000 00617nam a2200193 i 4500
001 150274
003 ES-MaACL
005 20230906203438.0
007 t|
008 071029s1978 sp ||||1| spa d
100 1 _aVallejo Vicente, Miguel.
_9112861
245 1 0 _aRazas vacunas autóctonas en vías de extención
_b: (aportaciones al estudio genético) /
_cMiguel Vallejo Vicente.
260 _aMadrid :
_bFundación Juan March,
_c[1978]
300 _a51 p. ;
_c21 cm.
490 1 _aSerie universitaria
830 0 _aSerie universitaria
_9180747
852 _aES-MaACL
_jA-9994
_bR.98326
999 _c150274
_d150274